Football Clubs with Flags in Their Badges - Statistics

General Stats
  • This quiz has been taken 205 times
  • The average score is 10 of 16
Answer Stats
Picture Hint Answer % Correct
Contains a pennant PSV
93%
Contains flags Anderlecht
90%
Contains a pennant Deportivo La Coruña
85%
Contains flag elements Cagliari
82%
Contains a pennant Alavés
77%
Contains flag elements Lorient
77%
Contains a flag Corinthians
75%
Contains flag elements DC United
66%
Contains a pennant Arminia Bielefeld
65%
Contains a pennant and sails Vasco de Gama
63%
Contains flag elements Melbourne City
53%
Contains a sail Hansa Rostock
50%
Contains a flag Racing Santander
45%
Contains flag elements Ingolstadt
44%
Cracovia
39%
Contains a flag within a flag Bahia
37%
No matching quizzes found
Score Distribution
Percent of People with Each Score
Percentile by Number Answered
Your Score History
You have not taken this quiz